Govt. of
Madhya Pradesh

Normal view MARC view

Entry Personal Name

Number of records used in: 1

001 - CONTROL NUMBER

  • control field: 81242

003 - CONTROL NUMBER IDENTIFIER

  • control field: OSt

005 - DATE AND TIME OF LATEST TRANSACTION

  • control field: 20211016132912.0

008 - FIXED-LENGTH DATA ELEMENTS

  • fixed length control field: 211016|| aca||aabn | a|a d

040 ## - CATALOGING SOURCE

  • Original cataloging agency: OSt
  • Transcribing agency: OSt

100 ## - HEADING--PERSONAL NAME

  • Personal name: Dey,Nundo Lal

670 ## - SOURCE DATA FOUND

  • Source citation: Work cat.: (OSt)64509: Dey,Nundo Lal, The Geographical Dictionary Of Ancient And Mediaeval India, 2005